[Event "Belgrade City-chT"]
[Site "Belgrade"]
[Date "2013.11.14"]
[Round "10"]
[White "Nikolic, Momcilo"]
[Black "Glisic, Predrag"]
[Result "0-1"]
[WhiteElo "2243"]
[BlackElo "2152"]
[PlyCount "56"]
[EventDate "2013.10.26"]
[EventType "team-tourn"]
[EventRounds "11"]
[EventCountry "SRB"]
[SourceTitle "EXT 2015"]
[Source "ChessBase"]
[SourceDate "2014.11.20"]
[SourceVersion "1"]
[SourceVersionDate "2014.11.20"]
[SourceQuality "1"]

1. e4 e6 2. d4 d5 3. Nc3 Nf6 4. Bg5 Be7 5. e5 Nfd7 6. h4 h6 7. Bxe7 Qxe7 8. Qg4 0-0 9. Nf3 c5 10. dxc5 Nc6 11. Qg3 Nxc5 12. 0-0-0 a6 13. Bd3 b5 14. Ne2 f6 15. Ned4 Nxd4 16. Nxd4 fxe5 17. Nc6 Qf6 18. Nxe5 Qxf2 19. Bh7+ Kxh7 20. Qg6+ Kg8 21. Ng4 Qf4+ 22. Kb1 e5 23. Nxe5 Qxe5 24. Qc6 Bg4 25. Rxd5 Qe2 26. Rc1 Ne4 27. Rd4 Nd2+ 28. Ka1 Rad8 0-1

[Event "Belgrade City-chT"]
[Site "Belgrade"]
[Date "2013.11.12"]
[Round "8"]
[White "Glisic, Predrag"]
[Black "Djurasevic, Branislav"]
[Result "1-0"]
[WhiteElo "2152"]
[BlackElo "2128"]
[PlyCount "50"]
[EventDate "2013.10.26"]
[EventType "team-tourn"]
[EventRounds "11"]
[EventCountry "SRB"]
[SourceTitle "EXT 2015"]
[Source "ChessBase"]
[SourceDate "2014.11.20"]
[SourceVersion "1"]
[SourceVersionDate "2014.11.20"]
[SourceQuality "1"]

1. d4 Nf6 2. c4 e5 3. dxe5 Ng4 4. e4 Nxe5 5. f4 Nec6 6. Be3 Na6 7. Nc3 Bc5 8. Qd2 d6 9. 0-0-0 0-0 10. Nf3 Bg4 11. h3 Bxf3 12. gxf3 Qh4 13. Rg1 Rae8 14. f5 Bxe3 15. Qxe3 Kh8 16. Nd5 f6 17. Nf4 Nc5 18. Rg4 Qh6 19. Qf2 Ne5 20. Rh4 Qg5 21. Be2 Nxf3 22. Rg4 Qh6 23. Bxf3 Nxe4 24. Qg2 Nc5 25. Kb1 Re5 1-0

[Event "Belgrade City-chT"]
[Site "Belgrade"]
[Date "2013.11.09"]
[Round "5"]
[White "Vujanovic, Bojan"]
[Black "Glisic, Predrag"]
[Result "1/2-1/2"]
[WhiteElo "2223"]
[BlackElo "2152"]
[PlyCount "67"]
[EventDate "2013.10.26"]
[EventType "team-tourn"]
[EventRounds "11"]
[EventCountry "SRB"]
[SourceTitle "EXT 2015"]
[Source "ChessBase"]
[SourceDate "2014.11.20"]
[SourceVersion "1"]
[SourceVersionDate "2014.11.20"]
[SourceQuality "1"]

1. e4 e5 2. Nf3 Nc6 3. Bb5 Nf6 4. Qe2 a6 5. Ba4 b5 6. Bb3 Bc5 7. c3 0-0 8. 0-0 d6 9. d3 Bb6 10. h3 Ne7 11. Nh4 Nd7 12. Bg5 h6 13. Bxe7 Qxe7 14. Ng6 Qg5 15. Nxf8 Nxf8 16. Qf3 Ne6 17. a4 Nf4 18. Kh2 bxa4 19. Rxa4 Bd7 20. g3 Ne6 21. Ra1 Rf8 22. Bxe6 Bxe6 23. Rxa6 f5 24. exf5 Rxf5 25. Qg2 Qf6 26. Nd2 d5 27. f4 exf4 28. Ra8+ Kh7 29. gxf4 Rxf4 30. Rxf4 Qxf4+ 31. Kh1 Qe3 32. Re8 Qxh3+ 33. Qxh3 Bxh3 34. d4 1/2-1/2

[Event "Belgrade City-chT"]
[Site "Belgrade"]
[Date "2013.10.26"]
[Round "1"]
[White "Glisic, Predrag"]
[Black "Nikolic, Radisa S"]
[Result "0-1"]
[WhiteElo "2152"]
[BlackElo "2183"]
[PlyCount "132"]
[EventDate "2013.10.26"]
[EventType "team-tourn"]
[EventRounds "11"]
[EventCountry "SRB"]
[SourceTitle "EXT 2015"]
[Source "ChessBase"]
[SourceDate "2014.11.20"]
[SourceVersion "1"]
[SourceVersionDate "2014.11.20"]
[SourceQuality "1"]

1. d4 d5 2. c4 c6 3. Nf3 Bf5 4. Qb3 Qb6 5. cxd5 Qxb3 6. axb3 Bxb1 7. Rxb1 cxd5 8. b4 e6 9. b5 Nf6 10. b4 Nbd7 11. e3 Rc8 12. Bd3 Bxb4+ 13. Ke2 Bd6 14. Ra1 Bb8 15. Ba3 h6 16. Rhc1 Rd8 17. Rc2 Ne4 18. Ne1 f5 19. f3 Nef6 20. h3 Kf7 21. g4 g6 22. Rac1 Rhe8 23. Kf2 fxg4 24. hxg4 e5 25. Be2 exd4 26. exd4 Bf4 27. Rd1 g5 28. Ng2 Bb8 29. Ne3 Bf4 30. Ng2 Bb8 31. Rh1 Rh8 32. Ne3 Bf4 33. Ng2 Bb8 34. Ne3 Nf8 35. Nf5 Ng8 36. Rhc1 Bf4 37. Bxf8 Rxf8 38. Rc7+ Kf6 39. Rc8 Ne7 40. Rxf8+ Rxf8 41. Ra1 Nxf5 42. gxf5 Bb8 43. Rh1 Kg7 44. Bd3 Bc7 45. Re1 Bb6 46. Re7+ Rf7 47. Re6 Bxd4+ 48. Kg2 Bf6 49. Rd6 d4 50. Be4 h5 51. Kh3 Re7 52. Bd5 Re2 53. Rd7+ Kh8 54. Bf7 Be5 55. Bxh5 Rh2+ 56. Kg4 Rg2+ 57. Kh3 Rg3+ 58. Kh2 Rg4+ 59. f4 Bxf4+ 60. Kh3 Rh4+ 61. Kg2 Rxh5 62. f6 Kg8 63. Rxb7 d3 64. Rxa7 d2 65. Ra2 g4 66. b6 Rb5 0-1

[Event "Belgrade-chT Quality"]
[Site "Belgrade"]
[Date "2012.10.29"]
[Round "7.2"]
[White "Glisic, Predrag"]
[Black "Matovic, Sasa"]
[Result "1/2-1/2"]
[WhiteElo "2147"]
[BlackElo "2169"]
[PlyCount "98"]
[EventDate "2012.10.13"]
[EventType "team-tourn"]
[EventRounds "11"]
[EventCountry "SRB"]
[SourceTitle "EXT 2019"]
[Source "ChessBase"]
[SourceDate "2018.10.10"]
[SourceVersion "1"]
[SourceVersionDate "2018.10.10"]
[SourceQuality "1"]

1. d4 Nf6 2. Nf3 c5 3. d5 d6 4. Nc3 e6 5. e4 e5 6. h3 Be7 7. a4 b6 8. Bb5+ Bd7 9. 0-0 0-0 10. Bd3 Ne8 11. a5 Nc7 12. Qe2 Qe8 13. axb6 axb6 14. Rxa8 Nxa8 15. Nb5 Qc8 16. Be3 Nc7 17. Ra1 Nxb5 18. Bxb5 Qe8 19. c4 Qd8 20. Ra8 f5 21. Rxb8 Qxb8 22. Bxd7 f4 23. Bd2 Qa7 24. Bc6 Qa1+ 25. Be1 Bf6 26. Kh2 g6 27. Bc3 Rf7 28. Qe1 Qa2 29. Nd2 Bh4 30. Kg1 h5 31. Qd1 Kg7 32. Ba4 Ra7 33. b3 Bd8 34. Kf1 Kh6 35. Qb1 Qxb1+ 36. Nxb1 g5 37. Bd2 Kg6 38. Nc3 Be7 39. g3 h4 40. Kg2 Ra8 41. gxh4 gxh4 42. Kf3 Kh5 43. Nb5 Rg8 44. Na7 Rg1 45. Nc8 Bf8 46. Nxb6 Rd1 47. Be8+ Kg5 48. Ke2 Rh1 49. Bd7 Rb1 1/2-1/2

[Event "Belgrade-chT Quality"]
[Site "Belgrade"]
[Date "2012.10.27"]
[Round "5.3"]
[White "Glisic, Predrag"]
[Black "Grbic, Milorad"]
[Result "1/2-1/2"]
[WhiteElo "2147"]
[BlackElo "2302"]
[PlyCount "117"]
[EventDate "2012.10.13"]
[EventType "team-tourn"]
[EventRounds "11"]
[EventCountry "SRB"]
[SourceTitle "EXT 2019"]
[Source "ChessBase"]
[SourceDate "2018.10.10"]
[SourceVersion "1"]
[SourceVersionDate "2018.10.10"]
[SourceQuality "1"]

1. d4 d5 2. c4 c6 3. Nf3 Nf6 4. Nc3 a6 5. c5 Bf5 6. Qb3 Qc8 7. h3 h6 8. Bf4 e6 9. e3 Nbd7 10. Na4 Be7 11. Be2 Bd8 12. 0-0 Bc7 13. Rac1 Ne4 14. Bd3 0-0 15. Bxe4 Bxe4 16. Bxc7 Qxc7 17. Nb6 Rae8 18. Nxd7 Qxd7 19. Nd2 Bg6 20. f4 f6 21. Qc3 Qc7 22. Rce1 Re7 23. Rf2 Rfe8 24. Ref1 Be4 25. Nxe4 dxe4 26. Qc2 f5 27. g4 Qd7 28. Rg2 Qd5 29. b3 Kh7 30. Kh2 g6 31. gxf5 exf5 32. Qc4 Rd7 33. Rfg1 Rg8 34. h4 Rgg7 35. h5 Qxc4 36. bxc4 g5 37. fxg5 hxg5 38. Rxg5 Rxg5 39. Rxg5 f4 40. d5 fxe3 41. d6 e2 42. Rg1 b6 43. cxb6 Rxd6 44. b7 Rd2 45. Re1 Rb2 46. Kg3 Kh6 47. Rxe2 Rxb7 48. Kg4 Re7 49. Re3 Re5 50. a3 a5 51. a4 Rg5+ 52. Kf4 Rxh5 53. Rxe4 Kg7 54. Ke3 Kf6 55. Re8 Re5+ 56. Rxe5 Kxe5 57. Kd3 c5 58. Ke3 Kf5 59. Kf3 1/2-1/2

[Event "Belgrade-chT Quality"]
[Site "Belgrade"]
[Date "2012.10.20"]
[Round "3.4"]
[White "Petrovic, Zoran Z"]
[Black "Glisic, Predrag"]
[Result "1-0"]
[WhiteElo "2114"]
[BlackElo "2147"]
[PlyCount "93"]
[EventDate "2012.10.13"]
[EventType "team-tourn"]
[EventRounds "11"]
[EventCountry "SRB"]
[SourceTitle "EXT 2019"]
[Source "ChessBase"]
[SourceDate "2018.10.10"]
[SourceVersion "1"]
[SourceVersionDate "2018.10.10"]
[SourceQuality "1"]

1. e4 e6 2. d4 d5 3. Nc3 Nf6 4. e5 Nfd7 5. Nce2 c5 6. c3 Nc6 7. f4 Qb6 8. Nf3 Be7 9. a3 0-0 10. b4 cxb4 11. cxb4 a5 12. Qa4 Qc7 13. b5 Na7 14. Bd2 Nb6 15. Qxa5 Bd7 16. Qc3 Nc4 17. a4 Rfc8 18. Rb1 Qb6 19. Qd3 Nxb5 20. axb5 Ra3 21. Rb3 Nb2 22. Rxa3 Nxd3+ 23. Rxd3 Bxb5 24. Rb3 Qa6 25. Nc3 Bxf1 26. Rxf1 b5 27. Kf2 b4 28. Ne2 Rc2 29. Ke3 Qa2 30. Rfb1 h6 31. Nc1 Qa6 32. Nd3 g5 33. Bxb4 gxf4+ 34. Nxf4 Bg5 35. Nxg5 hxg5 36. Nd3 Rxg2 37. R3b2 Rg4 38. Nf2 Rf4 39. Rg1 Rf5 40. Be7 Qc4 41. Nd3 Kh7 42. Bxg5 Rf3+ 43. Kxf3 Qxd3+ 44. Be3 Qf5+ 45. Ke2 Qh5+ 46. Kd3 Qf3 47. Rbg2 1-0

[Event "Belgrade Trophy 25th"]
[Site "Obrenovac"]
[Date "2011.11.27"]
[Round "4"]
[White "Tadic, Branko"]
[Black "Glisic, Predrag"]
[Result "1-0"]
[WhiteElo "2486"]
[BlackElo "2170"]
[PlyCount "45"]
[EventDate "2011.11.24"]
[EventType "swiss"]
[EventRounds "9"]
[EventCountry "YUG"]
[SourceTitle "CBM 145 Extra"]
[Source "ChessBase"]
[SourceDate "2012.01.03"]
[SourceVersion "1"]
[SourceVersionDate "2012.01.03"]
[SourceQuality "1"]

1. Nf3 f5 2. d3 Nf6 3. e4 d6 4. exf5 Bxf5 5. d4 e6 6. Bd3 d5 7. Bxf5 exf5 8. 0-0 Ne4 9. Ne5 Nf6 10. Qe2 Qe7 11. Re1 Kd8 12. Bg5 Nbd7 13. Qf1 Kc8 14. Nc3 Qe8 15. Nxd7 Qxd7 16. Bxf6 gxf6 17. Nxd5 Bd6 18. Qc4 Qg7 19. Re7 Qh6 20. Rxc7+ Kd8 21. g3 f4 22. Rxb7 Rg8 23. Qc6 1-0

[Event "Belgrade-chT Quality"]
[Site "Belgrade"]
[Date "2011.11.02"]
[Round "9"]
[White "Glisic, Predrag"]
[Black "Markovic, Misa"]
[Result "0-1"]
[WhiteElo "2170"]
[BlackElo "2204"]
[PlyCount "96"]
[EventDate "2011.10.15"]
[EventType "team-swiss"]
[EventRounds "11"]
[EventCountry "SRB"]
[SourceTitle "EXT 2012"]
[Source "ChessBase"]
[SourceDate "2011.11.24"]
[SourceVersion "1"]
[SourceVersionDate "2011.11.24"]
[SourceQuality "1"]

1. e4 e5 2. Nf3 Nc6 3. Bb5 Nf6 4. 0-0 Bc5 5. Nxe5 Nd4 6. Bc4 d6 7. Nf3 b5 8. Be2 Nxe2+ 9. Qxe2 0-0 10. d3 Ng4 11. h3 f5 12. exf5 Re8 13. Qd1 Nf6 14. Re1 Bxf5 15. Be3 Nd5 16. d4 Nxe3 17. fxe3 Bb6 18. Nc3 c6 19. e4 Bg6 20. a3 Bh5 21. Rf1 a5 22. Kh1 b4 23. Na4 Rxe4 24. Qd3 Re8 25. Qc4+ Kh8 26. Qxc6 Bxf3 27. Qxf3 Bxd4 28. axb4 axb4 29. c3 bxc3 30. Nxc3 Rxa1 31. Rxa1 Be5 32. Rd1 Rf8 33. Qd3 h6 34. Rf1 Rxf1+ 35. Qxf1 Qb8 36. Qb5 Qf8 37. Qe2 Qf4 38. g4 Qg3 39. Ne4 Qxh3+ 40. Kg1 Bd4+ 41. Nf2 Qg3+ 42. Kf1 Qxf2+ 43. Qxf2 Bxf2 44. Kxf2 Kg8 45. Kf3 g6 46. Ke4 h5 47. gxh5 gxh5 48. Kd5 h4 0-1

[Event "Belgrade-chT Quality"]
[Site "Belgrade"]
[Date "2011.10.31"]
[Round "7"]
[White "Glisic, Predrag"]
[Black "Markovic, Vladimir"]
[Result "1/2-1/2"]
[WhiteElo "2170"]
[BlackElo "2235"]
[PlyCount "76"]
[EventDate "2011.10.15"]
[EventType "team-swiss"]
[EventRounds "11"]
[EventCountry "SRB"]
[SourceTitle "EXT 2012"]
[Source "ChessBase"]
[SourceDate "2011.11.24"]
[SourceVersion "1"]
[SourceVersionDate "2011.11.24"]
[SourceQuality "1"]

1. e4 e6 2. d4 d5 3. Nc3 Bb4 4. e5 Ne7 5. a3 Bxc3+ 6. bxc3 b6 7. Qg4 Ng6 8. h4 h5 9. Qd1 Ba6 10. Bxa6 Nxa6 11. Bg5 Qd7 12. Ne2 Qa4 13. 0-0 c5 14. Qd3 Rc8 15. Rac1 Nb8 16. f4 cxd4 17. cxd4 Qc4 18. Qe3 Nc6 19. f5 exf5 20. Rxf5 0-0 21. c3 Rce8 22. Nf4 Nxf4 23. Qxf4 Qd3 24. Bf6 Ne7 25. Bxe7 Rxe7 26. Rxh5 Rc8 27. Rg5 Rc6 28. Rg3 Qe4 29. Qxe4 dxe4 30. Re1 f5 31. exf6 Rxf6 32. Rge3 Rc6 33. Kf2 Rec7 34. Rc1 Rc4 35. Ke2 Rxd4 36. cxd4 Rxc1 37. Rxe4 Rc2+ 38. Kf3 Rd2 1/2-1/2

[Event "Belgrade-chT Quality"]
[Site "Belgrade"]
[Date "2011.10.29"]
[Round "5"]
[White "Glisic, Predrag"]
[Black "Martinovic, Veljko"]
[Result "1/2-1/2"]
[WhiteElo "2170"]
[BlackElo "2138"]
[PlyCount "80"]
[EventDate "2011.10.15"]
[EventType "team-swiss"]
[EventRounds "11"]
[EventCountry "SRB"]
[SourceTitle "EXT 2012"]
[Source "ChessBase"]
[SourceDate "2011.11.24"]
[SourceVersion "1"]
[SourceVersionDate "2011.11.24"]
[SourceQuality "1"]

1. e4 e5 2. Nf3 Nc6 3. Bb5 g6 4. c3 d6 5. d4 Bd7 6. 0-0 Bg7 7. Bg5 Nge7 8. Qd2 a6 9. Ba4 0-0 10. Bb3 Bg4 11. dxe5 dxe5 12. Qe2 h6 13. Bh4 g5 14. Bg3 Ng6 15. h3 Bh5 16. Rd1 Qe7 17. Nbd2 Nf4 18. Qf1 Kh8 19. Re1 Rad8 20. Re3 Qf6 21. Bc2 Rfe8 22. Bh2 Rd7 23. g3 Ne6 24. g4 Bg6 25. Nb3 Red8 26. Ne1 Bf8 27. Ng2 Nf4 28. Ne1 Qe6 29. f3 Kg7 30. Nd3 Qc4 31. Nxf4 Qxf1+ 32. Kxf1 gxf4 33. Ree1 f6 34. Rad1 Bf7 35. Rxd7 Rxd7 36. Rd1 Bc4+ 37. Kg2 Rxd1 38. Bxd1 b6 39. Bg1 a5 40. Nc1 Be7 1/2-1/2

[Event "Belgrade-chT Quality"]
[Site "Belgrade"]
[Date "2011.10.22"]
[Round "3"]
[White "Glisic, Predrag"]
[Black "Svicevic, Rastko"]
[Result "1/2-1/2"]
[WhiteElo "2170"]
[BlackElo "2256"]
[PlyCount "60"]
[EventDate "2011.10.15"]
[EventType "team-swiss"]
[EventRounds "11"]
[EventCountry "SRB"]
[SourceTitle "EXT 2012"]
[Source "ChessBase"]
[SourceDate "2011.11.24"]
[SourceVersion "1"]
[SourceVersionDate "2011.11.24"]
[SourceQuality "1"]

1. e4 e5 2. Nf3 d6 3. d4 Nd7 4. Bc4 c6 5. 0-0 Be7 6. Nc3 Ngf6 7. Re1 0-0 8. a4 b6 9. b3 a6 10. Bb2 Qc7 11. Qd2 Bb7 12. Rad1 b5 13. Bd3 Qb6 14. axb5 axb5 15. Ne2 Rfe8 16. Ng3 Bf8 17. Nf5 h6 18. c3 c5 19. d5 c4 20. Bc2 cxb3 21. Bxb3 Nc5 22. Bc2 Ra2 23. Bb1 Ra4 24. Ng3 Rea8 25. Bc2 Ra2 26. Bb1 R2a4 27. Bc2 Ra2 28. Rb1 Nfd7 29. Ne2 Be7 30. Nc1 R2a7 1/2-1/2

[Event "Belgrade-chT Quality"]
[Site "Belgrade"]
[Date "2011.10.15"]
[Round "1"]
[White "Glisic, Predrag"]
[Black "Jakovljevic, Zivota"]
[Result "0-1"]
[WhiteElo "2170"]
[BlackElo "2150"]
[PlyCount "82"]
[EventDate "2011.10.15"]
[EventType "team-swiss"]
[EventRounds "11"]
[EventCountry "SRB"]
[SourceTitle "EXT 2012"]
[Source "ChessBase"]
[SourceDate "2011.11.24"]
[SourceVersion "1"]
[SourceVersionDate "2011.11.24"]
[SourceQuality "1"]

1. e4 e6 2. d4 d5 3. Nc3 Nf6 4. Bg5 Be7 5. e5 Nfd7 6. h4 h6 7. Be3 c5 8. Qg4 g6 9. f4 cxd4 10. Bxd4 Nc6 11. Bf2 h5 12. Qe2 Qa5 13. Qd2 Bb4 14. Nf3 Nc5 15. Bxc5 Qxc5 16. 0-0-0 Bd7 17. Rh3 Bxc3 18. bxc3 Na5 19. Qd4 Qa3+ 20. Kb1 Rc8 21. Nd2 b6 22. Qb4 Qa4 23. Ba6 Rc7 24. Rd3 Qxb4+ 25. cxb4 Nc6 26. Rc3 Kd8 27. a3 Nd4 28. Rxc7 Kxc7 29. c3 Nf5 30. Nf3 Ba4 31. Rd2 b5 32. c4 bxc4 33. b5 Kb6 34. Rb2 Bd1 35. Ng5 Rf8 36. Kc1 c3 37. Rf2 c2 38. Rd2 Nxh4 39. g3 Nf5 40. Rd3 d4 41. Rb3 Ne3 0-1

[Event "SRB-chT quality"]
[Site "Belgrade"]
[Date "2010.10.29"]
[Round "9"]
[White "Glisic, Predrag"]
[Black "Paulic, Branko"]
[Result "1-0"]
[WhiteElo "2139"]
[BlackElo "2131"]
[PlyCount "99"]
[EventDate "2010.10.09"]
[EventType "team-tourn"]
[EventRounds "11"]
[EventCountry "YUG"]
[SourceTitle "EXT 2011"]
[Source "ChessBase"]
[SourceDate "2010.11.26"]
[SourceVersion "1"]
[SourceVersionDate "2010.11.26"]
[SourceQuality "1"]

1. e4 e6 2. d4 d5 3. Nc3 Bb4 4. e5 c5 5. a3 Bxc3+ 6. bxc3 Qa5 7. Bd2 cxd4 8. cxd4 Qa4 9. Qg4 Ne7 10. Nf3 Qxc2 11. Qxg7 Rg8 12. Qh6 Qe4+ 13. Be3 Nbc6 14. Ng5 Rxg5 15. Qxg5 Nxd4 16. Rc1 Bd7 17. f3 Nc2+ 18. Kd2 Qxe3+ 19. Qxe3 Nxe3 20. Kxe3 Bc6 21. Bd3 h6 22. h4 Kd7 23. h5 Rg8 24. g4 d4+ 25. Kf2 a6 26. Rhe1 Nd5 27. Rc4 Bb5 28. Rxd4 Bxd3 29. Rxd3 b5 30. Kg3 Ke7 31. Rc1 a5 32. Rc5 Rb8 33. Rb3 b4 34. Rxa5 f6 35. Ra7+ Kf8 36. Rh7 Rb6 37. Rxh6 fxe5 38. axb4 Kg7 39. Rg6+ Kf7 40. b5 Nf4 41. Rg5 Kf6 42. Rg8 Ne2+ 43. Kh4 Nd4 44. Rg6+ Kf7 45. Rb2 Nxf3+ 46. Kg3 e4 47. Kf4 Nh4 48. Rg5 Nf3 49. Rc5 Kf6 50. g5+ 1-0

[Event "Belgrade-chT Quality"]
[Site "Belgrade"]
[Date "2009.10.17"]
[Round "2"]
[White "Glisic, Predrag"]
[Black "Pantic, Ivica"]
[Result "0-1"]
[WhiteElo "2143"]
[BlackElo "2197"]
[PlyCount "72"]
[EventDate "2009.10.11"]
[EventType "team-tourn"]
[EventRounds "11"]
[EventCountry "YUG"]
[SourceTitle "CBM 133 Extra"]
[Source "ChessBase"]
[SourceDate "2010.01.05"]
[SourceVersion "1"]
[SourceVersionDate "2010.01.05"]
[SourceQuality "1"]

1. e4 c5 2. Nf3 Nc6 3. d4 cxd4 4. Nxd4 Nf6 5. Nc3 e5 6. Ndb5 d6 7. Bg5 a6 8. Na3 b5 9. Bxf6 Qxf6 10. Nd5 Qd8 11. c3 Be7 12. Nc2 Rb8 13. Be2 0-0 14. Bg4 Be6 15. 0-0 Qd7 16. Bxe6 fxe6 17. Nxe7+ Nxe7 18. Qd3 d5 19. Rad1 Qb7 20. Rfe1 Qc7 21. Nb4 Rbd8 22. Qg3 a5 23. Nd3 Ng6 24. exd5 Rxd5 25. Re3 Nf4 26. Rde1 Rf5 27. Nc1 Rf6 28. Qf3 Nd3 29. Rxd3 Rxf3 30. Rxf3 Qd6 31. Rfe3 Rd2 32. b3 Rc2 33. Kf1 Qa3 34. Nd3 Qxa2 35. Rxe5 Qxb3 36. Rxe6 h6 0-1